000 01305nam a2200361 i 4500
003 EG-ScBUE
005 20241118153710.0
006 m||||fq||h 00| 0
008 150629s2012 ii a f b 001 0 eng d
020 _a9788122433234
040 _aEG-ScBUE
_beng
_erda
_cEG-ScBUE
_dEG-ScBUE
082 0 4 _a519.4
_bJAI
_222
100 1 _aJain, M. K.
_d1932-
_938667
_q(Mahinder Kumar),
_eauthor.
245 1 0 _aNumerical methods :
_bfor scientific and engineering computation /
_cM. K. Jain, S. R. K. Iyengar, R. K. Jain, Department of Mathematics Indian Institute of Technology, Delhi
250 _aSixth edition.
264 _aNew Delhi :
_bNew Age International Limited,
_c2012.
300 _axi, 722 pages ;
_billustrations ;
_c24 cm. +
_e1 CD
336 _2rdacontent
_asounds
_bsnd
336 _2rdacontent
_atext
_btxt
337 _2rdamedia
_aaudio
_bs
337 _2rdamedia
_aunmediated
_bn
338 _2rdacarrier
_acomputer disc
_bcd
338 _2rdacarrier
_avolume
_bnc
490 0 _aNew age
504 _aIncludes bibliographical references and index.
650 7 _aNumerical analysis.
_2BUEsh
651 _2BUEsh
653 _bENGGEN
_cJune2015
_cNovember2015
655 _vReading book
700 1 _aIyengar, S. R. K.,
_eauthor.
700 1 _aJain, R. K.,
_eauthor.
942 _2ddc
_cBB
999 _c20030
_d20002